000 00502 a2200157 4500
005 20250606084119.0
020 _a9781398604438
082 _a658.7 GRA
100 _aGRAND, D. B.
245 _aSustainable Logistics and Supply Chain Management: Principles and Practice for Sustainable Operations and Management
250 _a3rd Ed.
260 _aNew York,
_bKogan Page,
_c2023.
300 _axiii,279p.; ill.; table, figure
_bIndex.
_c23cm.
700 _aTRAUTRIMS, A. & WONG, C. Y.
942 _2ddc
_cBKS
999 _c3280
_d3280